G4-京港澳高速公路途径行政区 - Statistics

General Stats
  • This quiz has been taken 20 times
    17 since last reset
  • The average score is 25 of 28
Answer Stats
Answer % Correct
北京
100%
保定
100%
石家庄
100%
邢台
100%
邯郸
100%
安阳
100%
鹤壁
100%
郑州
100%
许昌
100%
驻马店
100%
信阳
100%
新乡
93%
漯河
86%
孝感
86%
武汉
86%
咸宁
86%
岳阳
86%
长沙
86%
湘潭
86%
株洲
86%
衡阳
86%
郴州
86%
韶关
86%
清远
86%
广州
86%
东莞
79%
深圳
79%
香港
79%
No matching quizzes found
Score Distribution
Percent of People with Each Score
Percentile by Number Answered
Your Score History
You have not taken this quiz since the last reset